ბათუმის შოთა რუსთაველის სახელმწიფო უნივერსიტეტის ბიბლიოთეკა

Античный мир в терминах, именах и названиях : (ბიბ.ჩანაწერი № 60907)

000 -LEADER
fixed length control field 01100nam a22002177a 4500
005 - DATE AND TIME OF LATEST TRANSACTION
control field 20231115164713.0
008 - FIXED-LENGTH DATA ELEMENTS--GENERAL INFORMATION
fixed length control field 231115s1997 ru ||||| |||| 00| 0 rus d
020 ## - INTERNATIONAL STANDARD BOOK NUMBER
International Standard Book Number 9850100176
041 ## - LANGUAGE CODE
Language code of text/sound track or separate title rus
080 ## - UNIVERSAL DECIMAL CLASSIFICATION NUMBER
Universal Decimal Classification number 94(3)(031) Л-63
100 ## - MAIN ENTRY--PERSONAL NAME
Personal name Лисовый, Игорь Андреевич
9 (RLIN) 20408
245 ## - TITLE STATEMENT
Title Античный мир в терминах, именах и названиях :
Remainder of title Словарь - справочник по истории и культуре Древней Греции и Рима /
Statement of responsibility, etc. И. А. Лисовый, К. А. Ревяко.
250 ## - EDITION STATEMENT
Edition statement 2-е издание
264 ## - PRODUCTION, PUBLICATION, DISTRIBUTION, MANUFACTURE, AND COPYRIGHT NOTICE
Place of production, publication, distribution, manufacture Минск :
Name of producer, publisher, distributor, manufacturer Беларусь,
Date of production, publication, distribution, manufacture, or copyright notice 1996.
300 ## - PHYSICAL DESCRIPTION
Extent 254 с. :
Other physical details ил. ;
Dimensions 22 см.
653 ## - INDEX TERM--UNCONTROLLED
keyword უძველესი სამყარო ტერმინებით, სახელებითა და სათაურებით
653 ## - INDEX TERM--UNCONTROLLED
keyword ძველი საბერძნეთი
653 ## - INDEX TERM--UNCONTROLLED
keyword რომის ისტორია
700 ## - ADDED ENTRY--PERSONAL NAME
Personal name Ревяко, Казимир Адамович
Relator term ავტორი
9 (RLIN) 20409
942 ## - ADDED ENTRY ELEMENTS (KOHA)
Source of classification or shelving scheme
Koha item type წიგნი
ეგზემპლარები
Withdrawn status Lost status Source of classification or shelving scheme Damaged status Not for loan Permanent Location Current Location Shelving location Date acquired Cost, normal purchase price Full call number Barcode Date last seen Copy number Uniform Resource Identifier Price effective from Koha item type Public note
          ბათუმის შოთა რუსთაველის სახელმწიფო უნივერსიტეტის მთავარი ბიბლიოთეკა ბათუმის შოთა რუსთაველის სახელმწიფო უნივერსიტეტის მთავარი ბიბლიოთეკა წიგნსაცავი 2023-11-15 8.00 94(3)(031) Л-63 65429 2023-11-15 65429 ბსუ-ს საპატიო დოქტორის გურამ ლორთქიფანიძის საჩუქარი 2023-11-15 წიგნი 8 ლ.